000 00792nam a2200253Ia 4500
003 OSt
005 20220928123923.0
006 a|||||r|||| 00| 0
007 ta
008 220927b |||||||| |||| 00| 0 eng d
020 _cINR 595.00
024 _a133451
037 _b135, 01/03/2017, Classic Book Service
_cTextual
040 _aSDCL
_cSDCL
_beng
041 _2eng
_aeng
082 _aX7.2'P, Q7
100 _aDe Supriyo Ed.
_9462285
245 0 _aIndia's fiscal policy
_b Prescriptions, pragmatics and practice
260 _aNew Delhi
_bCambridge University Press
_c2017
300 _axv,233p.
_ccm.
650 _aBusiness Economics
_9391653
942 _hX7.2'P, Q7
_cTEXL
_2CC
999 _c775284
_d775284